Využívanie nehmotného majetku v podnikateľskej činnosti podnikov v SR

Výsledky prieskumu, ktorého sa zúčastnilo 85 podnikateľských subjektov rôzneho zamerania. Pri uskutočnených investíciách slovenských podnikov sa pomaly do pozornosti dostáva aj nehmotný majetok. Investície do jednotlivých zložiek nehmotného majetku v súčasnosti. Využívanie dnešnej skladby nehmotného...

Ausführliche Beschreibung

Gespeichert in:
Bibliographische Detailangaben
1. Verfasser: Križan, Martin
Weitere Verfasser: Littvová, Veronika
Format: Buchkapitel
Sprache:Slowakisch
Schlagworte:
Tags: Tag hinzufügen
Keine Tags, Fügen Sie das erste Tag hinzu!

MARC

LEADER 00000nla a2200000 4500
001 0162997
005 20240502072826.3
041 0 |a slo 
044 |a SK 
245 1 0 |a Využívanie nehmotného majetku v podnikateľskej činnosti podnikov v SR  |c Martin Križan, Veronika Littvová 
520 |a Výsledky prieskumu, ktorého sa zúčastnilo 85 podnikateľských subjektov rôzneho zamerania. Pri uskutočnených investíciách slovenských podnikov sa pomaly do pozornosti dostáva aj nehmotný majetok. Investície do jednotlivých zložiek nehmotného majetku v súčasnosti. Využívanie dnešnej skladby nehmotného majetku z hľadiska budúcnosti. Prehľad registrovaných práv priemyselného vlastníctva. Budúce investície do nehmotného majektu. Budúce investície v strojárenskom odvetví a v obchode. 
610 2 0 |a majetok nehmotný 
610 2 0 |a známky ochranné 
610 2 0 |a patenty 
610 2 0 |a dizajn 
610 2 0 |a softvér 
610 2 0 |a vynálezy 
610 2 0 |a investície 
610 2 0 |a firmy 
610 2 0 |a prieskum 
610 2 0 |a Slovensko 
100 1 |a Križan, Martin 
700 1 |a Littvová, Veronika